Statistics for Pokemon Games (Handheld Devices)

Click here to take the quiz!

General Stats

  • This quiz has been taken 4,520 times
    (209 since last reset)
  • The average score is 28 of 31

Answer Stats

Platform Answer % Correct
Game BoyRed
100%
Nintendo 3DSY
99%
Game BoyBlue
98%
Nintendo 3DSX
98%
Game Boy ColourSilver
97%
Game Boy ColourYellow
97%
Nintendo DS / 3DSBlack
97%
Nintendo DS / 3DSWhite
97%
Game Boy ColourGold
96%
Game Boy (Only in Japan)Green
96%
Game Boy AdvanceEmerald
94%
Game Boy AdvanceRuby
94%
Game Boy AdvanceSapphire
94%
Nintendo DSDiamond
92%
Nintendo DSPearl
91%
Nintendo DSPlatinum
91%
Game Boy AdvanceFireRed
89%
Game Boy AdvanceLeafGreen
88%
Nintendo 3DSMoon
88%
Nintendo 3DSSun
88%
Nintendo DS / 3DSWhite 2
88%
Nintendo DS / 3DSBlack 2
88%
Nintendo SwitchSword
84%
Nintendo SwitchShield
84%
Nintendo DSHeart Gold
84%
Nintendo DSSoul Silver
84%
Game Boy ColourCrystal
80%
Nintendo 3DSUltra Moon
80%
Nintendo 3DSUltra Sun
80%
Nintendo 3DSOmega Ruby
79%
Nintendo 3DSAlpha Sapphire
79%

Score Distribution

Percentile by Number Answered

Percent of People with Each Score

Your Score History

You have not taken this quiz since the last reset